Dhyani's glossarium of Library and Information Science terms : (Record no. 63272)

MARC details
000 -LEADER
fixed length control field 00457nam a22001457a 4500
005 - DATE AND TIME OF LATEST TRANSACTION
control field 20170828144332.0
020 ## - INTERNATIONAL STANDARD BOOK NUMBER
International Standard Book Number 8170003121
Terms of availability 1200.00
035 ## - SYSTEM CONTROL NUMBER
System control number B-058635
037 ## - SOURCE OF ACQUISITION
Stock number DPL
Source of stock number/acquisition ENG
100 ## - MAIN ENTRY--PERSONAL NAME
Personal name Dhyani, Pushpa
245 ## - TITLE STATEMENT
Title Dhyani's glossarium of Library and Information Science terms :
Remainder of title Engligh-Hindi /
Statement of responsibility, etc by Pushpa Dhyani
260 ## - PUBLICATION, DISTRIBUTION, ETC. (IMPRINT)
Place of publication, distribution, etc New Delhi
Name of publisher, distributor, etc Ess Ess Publications
Date of publication, distribution, etc 2002
300 ## - PHYSICAL DESCRIPTION
Extent 589p.
Dimensions 20 cms.
942 ## - ADDED ENTRY ELEMENTS (KOHA)
Source of classification or shelving scheme Dewey Decimal Classification
Item type English Books
Classification part 020.3
Call number suffix DHY
Holdings
Withdrawn status Lost status Not for loan Collection code Home library Current library Date acquired Cost, normal purchase price Full call number Barcode Cost, replacement price Koha item type
      Non-fiction Sarojini Nagar Sarojini Nagar 21/02/2012 1200.00 020.3 DHY B-058635 1200.00 English Books

© Delhi Public Library
Hit Counter
free hit counter